000 00394nam a2200169Ia 4500
008 230512s9999 xx 000 0 und d
041 _aeng
100 _aRAJARAM R
245 _aOBJECT ORIENTED PROGRAMMING AND C++
250 _a1
260 _bNEW AGE INTERNATIONAL PUBLICATIONS
300 _a284
365 _b123
500 _aPaper Back
520 _aGeneral
650 _aComputer
999 _c400114
_d400114